00854naa#a2200205#i#4500001001400000005001700014011001400031100004100045101000800086102000700094200017100101210016900272215001000441608004500451700002400496700005600520700002600576700003200602856001400634RU\\bibl\380220260514161815.4##a2308-8877##a20141105b2014####ek#y0rusy0150####ca0#aRUS##aRU1#aИсследование клеевых соединений методом компьютерной микротомографииeЖурнальная статья1#aВоронежcВоронежский государственный лесотехнический университет имени Г.Ф. Морозоваd2014##a4 с.##aЖурнальная статья2local#1aДзюбаgК. В.#1aТамбиgАлександр Алексеевич#1aЧаузовgК. В.#1aЧубинскийgА. Н.4#azh-szf.ru